| 000 | 01028nam a2200385 a 4500 | ||
|---|---|---|---|
| 003 | AR-BaBNM | ||
| 005 | 20251128205856.0 | ||
| 008 | 082120s2002 ||||||||||||||000 | spa|| | ||
| 020 | _a84-376-0732-9 | ||
| 040 | _cAR-BaBNM | ||
| 100 | 1 | _aLaver, James | |
| 245 | 0 | 0 | _aBreve historia del traje y la moda |
| 250 | _a6ª ed. | ||
| 260 |
_aMadrid _bEdiciones Cátedra _c1997 |
||
| 300 |
_a373 p. _bil., láms. |
||
| 490 | 0 | _aEnsayos arte | |
| 500 | _aContiene apéndice con la historia del traje en España p. 285-354 | ||
| 504 | _aBibliografía p. 355-359 | ||
| 650 | 4 | _aMODALES | |
| 650 | 4 | _aMODA | |
| 650 | 4 | _aDISEÑO DE INDUMENTARIA | |
| 650 | 4 | _aCOSTUMBRES Y TRADICIONES | |
| 650 | 4 | _aHISTORIA DE LAS COSTUMBRES | |
| 650 | 4 | _aVESTUARIO | |
| 650 | 4 | _aHISTORIA CULTURAL | |
| 650 | 4 | _aHISTORIA EUROPEA | |
| 651 | 4 | _aJapón | |
| 651 | 4 | _aIndia | |
| 651 | 4 | _aEuropa | |
| 651 | 4 | _aChina | |
| 651 | 4 | _aArabia | |
| 700 | 1 |
_aAlbizua Huarte, Enriqueta _ecolaborador |
|
| 942 | _cBK | ||
| 998 | _cMariana | ||
| 999 |
_c13114 _d13114 |
||